000 00801pam a2200253 a 4500
999 _c4906
_d4906
001 4906
003 BD-JhCC
005 20171205162508.0
008 840227m19859999caua 001 0 eng
020 _a053403389X (pbk. : v. 1)
035 _a(BD-JhCC)
040 _aDLC
_cDLC
_dDLC
041 _aeng
050 1 0 _aPE1449
_b.G63 1985
082 0 0 _a428.1
_219
_bGOR 1985
100 1 _aGordon, Helen Heightsman.
245 1 0 _aWordforms--context, strategies, and practice :
_bthe five-at-a-time method and other vocabulary exercises for developmental college students /
_cHelen Heightsman Gordon.
260 _aBelmont, Calif. :
_bWadsworth Pub. Co.,
_cc1985-
300 _axii. 257p. :
_bill. ;
_c24 cm.
500 _aIncludes index.
650 0 _aVocabulary.
942 _2ddc
_cBK